Datum a čas kvízu
19
Celkem bodů
Celkový počet nahraných bodů na tomto kvízu bez doplňovacích otázek.
8.
Pořadí na kvízu
Konečné umístění týmu na tomto kvízu.
Zaznamenané odpovědi
| # | Otázka | Odpověď | Body | Výsledky |
|---|---|---|---|---|
| 1. | Novým generálním ředitelem Čes... | Václav Nebeský | 0 | |
| 2. | Ruská poslankyně Natalja Poklo... | na Krym | 0 | |
| 3. | V noci na pondělí středoevrops... | Hra o trůny, Černobyl | 0.5 | |
| 4. | Společnost Mattel představila... | Panenky jsou genderově neutrální. | 1 | |
| 5. | V MOL Cupu se stala dosud neví... | Jakub Štáfek | 1 | |
| 6. | V tomto tématu se podíváme na... | Tábor, Šárka | 0 | |
| 7. | Moderátorka a zpěvačka Emma Sm... | Karel Oliva | 0 | |
| 8. | Kterým slovem na pět písmen by... | nažka | 0 | |
| 9. | Po Bedřichu Smetanovi byl pojm... | Merkur | 1 | |
| 10. | Futuretro, Biorytmy, Kluci kde... | Tata Bojs | 0 |